00360nam a2200097Ia 4500001000400000008004100004082002800045100009800073245006700171260002400238730241024s9999 xx 000 0 und d aRD/378.7293/R426in/UAPA aRepública Dominicana.Secretaría de Estado de Educación Superior Ciencias y Tecnología 0aInforme Técnico Ejecutivo de la propuesta del nivel de grado bSanto Domingoc2009